00423 2200181 4500001002100000005001500021008004100036020001500077035001900092041000700111082000800118090001400126100001700140245002800157260003300185300001300218650001000231INLIS00000000000702520241224113409241224||||||||| | ||| |||| || |  a0021823006 0010-1224007025 aen0 a823 a823 JOA r0 aJoan M Lexau00aRow, Row, Row Your Boat aNew YorkbMc Graw Hillc1997 a16 hlm.; 0afiksi